000 00613nam a2200253Ia 4500
005 20260121114355.0
008 008 260114s9999 xx 000 0 eng d
020 _a9781119468004
037 _aEBOOK
040 _aCRL
040 _beng
040 _cCRL
041 _2eng
041 _aeng
084 _qCRL
100 _aJonathan J. Loose
_9974195
245 4 _aThe Blackwell Companion to Substance Dualism
260 _bWiley
260 _c2018
856 _uhttps://onlinelibrary.wiley.com/doi/book/10.1002/9781119468004
942 _cEBOOK
999 _c1553449
_d1553449